Školy, vzdelávanie a peniaze. 4

Pokračovanie seriálu o efektívnom systéme financovania školských zariadení. Možné úpravy daňových pravidiel - formy odštátnenia. Škola ako nezisková právnická osoba. Rozpočty pre školské správy.

Enregistré dans:
Détails bibliographiques
Auteur principal: Straka, P.
Format: Chapitre de livre
Langue:slovaque
Sujets:
Tags: Ajouter un tag
Pas de tags, Soyez le premier à ajouter un tag!

MARC

LEADER 00000naa a2200000 4500
001 r021257
005 20230801104633.9
041 0 |a slo 
044 |a SK 
245 1 0 |a Školy, vzdelávanie a peniaze. 4  |c P. Straka 
520 |a Pokračovanie seriálu o efektívnom systéme financovania školských zariadení. Možné úpravy daňových pravidiel - formy odštátnenia. Škola ako nezisková právnická osoba. Rozpočty pre školské správy. 
610 2 0 |a Slovensko 
610 2 0 |a školy 
610 2 0 |a vzdelávanie 
610 2 0 |a školstvo 
610 2 0 |a financovanie 
100 1 |a Straka, P.